000 00459nam a2200193Ia 4500
008 210210b2010 xxu||||| |||| 00| 0 eng d
041 _aeng
082 _a657.48 RAMF
100 _aRAMAN (B S)
245 _aFinancial accounting Part 2
260 _aMangalore
_bUnited Publishers
_c2010
300 _a1227-2381
650 _aPart
650 _aFinancial
650 _aaccounting
650 _a2
690 _aFinancial Accounting
906 _a065462
999 _c142820
_d142820